Geography containing GA-GZ - Statistics

General Stats
  • This quiz has been taken 7 times
  • The average score is 11 of 26
Answer Stats
Contains: Clue Answer % Correct
GI State (7) Georgia
86%
GK Crash into rooster in Thai metropolis (7) Bangkok
71%
GL Asian country where bag handles are made (10) Bangladesh
71%
GE River of five African countries, which two of them are named after (5) Niger
71%
GR Iraqi river which makes us think that a big cat is there (6) Tigris
71%
GT River which flows through the above province (7) Yangtze
71%
GZ The main city of the world's largest metropolis (9) Guangzhou
57%
GV Town in Texas where one can see for a great distance (8) Longview
57%
GD Country whose language we are using right now (13) United Kingdom
57%
GC Large Chinese city where actor Jackie hears a tune (9) Changchun
43%
GQ First Chinese megacity, where half of Hong Kong is found, starting a dynasty (9) Chongqing
43%
GY Ancient civilisation in Africa (5) Egypt
43%
GJ South Korean city of the pale jug (7) Gwangju
43%
GF Lengthy car built in Irish county (8) Longford
43%
GO Cold country where man gets into trouble with igloo (8) Mongolia
43%
GA European country which is a popular holiday destination (8 letters) Portugal
43%
GG Animal's tail vibrates twice in city of New South Wales (10) Wagga Wagga
43%
GN Party at French river with best friend, ending with the no. 1 estuary (8) Dordogne
29%
GS Nanjing, after grandmother is taken away, has a new city centre built, inviting us back to its province (7) Jiangsu
29%
GW South Korean city center where you just have to hang on (8) Changwon
14%
GB Strange human pub along Thai province; not for you, a light first Heineken and rum with the outer bits drained off (13) Nongbua Lamphu
14%
GH City which the arrow points to (10) Nottingham
14%
GU City of El Salvador where they are always musing about ale (9) San Miguel
14%
GM Shanghai maps showing the highest mountain located entirely in China (12) Shishapangma
14%
GP A sunbeam comes back, allowing us to breathe; Tibetan stream initially takes a course north of Chinese river, which strange orangutangs ply (14) Yarlung Tsangpo
14%
GX Table tennis heard in Chinese city, played by President Jinping, a figure with no guard (9) Pingxiang
0%
No matching quizzes found
Score Distribution
Percent of People with Each Score
Percentile by Number Answered
Your Score History
You have not taken this quiz